|
|
|
|
| LEADER |
01262nam a22003252a 4500 |
| 001 |
000891832 |
| 003 |
CZ BrMZK |
| 005 |
20100819145053.0 |
| 007 |
ta |
| 008 |
080404s1992 xo er|||||||||||slo d |
| 040 |
|
|
|a BOA001
|b cze
|
| 041 |
0 |
|
|a slo
|a spa
|
| 080 |
9 |
|
|a 801.316.4(075.8)
|
| 080 |
9 |
|
|a 80=60=854(075.8)
|
| 080 |
9 |
|
|a 378.4
|
| 100 |
1 |
|
|a Trup, Ladislav,
|d 1943-
|7 ola2002152537
|4 aut
|
| 245 |
1 |
0 |
|a Porovnávacia gramatika :
|b španielsko-slovenská lingvistická terminológia /
|c Ladislav Trup
|
| 250 |
|
|
|a 1. vyd.
|
| 260 |
|
|
|a Bratislava :
|b Univerzita Komenského,
|c 1992
|
| 300 |
|
|
|a 175 s.
|
| 490 |
1 |
|
|a Vysokoškolské skriptá
|
| 504 |
|
|
|a Obsahuje bibliografii
|
| 810 |
2 |
|
|a Univerzita Komenského v Bratislave.
|t Vysokoškolské skriptá
|
| 910 |
|
|
|a BOA001
|b 4-0980.235
|b PK-0030.418
|
| 964 |
|
|
|a Jazykověda - terminologie - slovníky španělsko-slovenské - učebnice - školy vysoké
|
| 964 |
|
|
|a Slovníky španělsko-slovenské - jazykověda - terminologie - učebnice - školy vysoké
|
| 990 |
|
|
|a BK
|
| 991 |
|
|
|b 200804
|
| 996 |
7 |
|
|b 2619263143
|c 4-0980.235
|l MZK
|r Sklad / do 1 hodiny
|n 0
|w 000891832
|u 000010
|a 1
|e BOA001
|j MZK50
|s A
|
| 996 |
6 |
|
|b BC-848001
|c PK-0030.418
|l MZK
|r Sklad / do 1 hodiny
|n 0
|w 000891832
|u 000020
|a 1
|e BOA001
|j MZK50
|s P
|